Value chain analysis of potato in Nigeria (Record no. 36858)

MARC details
000 -LEADER
fixed length control field 00622nam a2200181Ia 4500
020 ## - INTERNATIONAL STANDARD BOOK NUMBER
ISBN 9789785074581
050 ## - CALL MARK
Classification number HF 1054.N6 .U36/
100 ## - STATEMENT OF RESPONSIBILITY--MAIN AUTHOR NAME
Personal name Ugonna, C. U.
245 #0 - TITLE STATEMENT
Title Value chain analysis of potato in Nigeria
260 ## - PUBLICATION, DISTRIBUTION, ETC. (IMPRINT)
Place of publication Abuja
260 ## - PUBLICATION, DISTRIBUTION, ETC. (IMPRINT)
Name of publisher Raw Material Research and Development Council (RMRDC)
260 ## - PUBLICATION, DISTRIBUTION, ETC. (IMPRINT)
Year of publication 2011
300 ## - PHYSICAL DESCRIPTION
Number of Pages 77 p
650 ## - SUBJECT ADDED ENTRY--TOPICAL TERM
Topical Term Agricultural productivity--Nigeria. Industries--Nigeria. Marketing--Nigeria. Industrialization--Nigeria. Raw materials--Research--Nigeria.
942 ## - ADDED ENTRY ELEMENTS (KOHA)
Koha item type Books
Holdings
Withdrawn status Lost status Source of classification or shelving scheme Damaged status Not for loan Permanent Location Current Location Date acquired Accession Number Price effective from Koha item type
    Library of Congress Classification     NILE UNIVERSITY OF NIGERIA - MAIN LIBRARY NILE UNIVERSITY OF NIGERIA - MAIN LIBRARY 04/23/2025 0186706 04/23/2025 Books